<?xml version="1.0" encoding="UTF-8"?><marc:collection xmlns:marc="http://www.loc.gov/MARC21/slim">
  <marc:record>
    <marc:leader>01096nam#a2200301#c#4500</marc:leader>
    <marc:controlfield tag="001">990031413000206441</marc:controlfield>
    <marc:controlfield tag="003">DE-605</marc:controlfield>
    <marc:controlfield tag="005">20251207210552.0</marc:controlfield>
    <marc:controlfield tag="007">tu</marc:controlfield>
    <marc:controlfield tag="008">971217|1997####fr ###########|||#|#####c</marc:controlfield>
    <marc:datafield tag="016" ind1="7" ind2=" ">
      <marc:subfield code="a">245870747</marc:subfield>
      <marc:subfield code="2">OCoLC</marc:subfield>
    </marc:datafield>
    <marc:datafield tag="020" ind1=" " ind2=" ">
      <marc:subfield code="a">2070747409</marc:subfield>
    </marc:datafield>
    <marc:datafield tag="035" ind1=" " ind2=" ">
      <marc:subfield code="a">(DE-605)HT008016327</marc:subfield>
    </marc:datafield>
    <marc:datafield tag="035" ind1=" " ind2=" ">
      <marc:subfield code="a">(OCoLC)245870747</marc:subfield>
    </marc:datafield>
    <marc:datafield tag="035" ind1=" " ind2=" ">
      <marc:subfield code="a">(DE-599)HBZHT008016327</marc:subfield>
    </marc:datafield>
    <marc:datafield tag="040" ind1=" " ind2=" ">
      <marc:subfield code="a">5</marc:subfield>
      <marc:subfield code="b">ger</marc:subfield>
      <marc:subfield code="c">DE-605</marc:subfield>
      <marc:subfield code="d">DE-605</marc:subfield>
      <marc:subfield code="e">rakwb</marc:subfield>
    </marc:datafield>
    <marc:datafield tag="044" ind1=" " ind2=" ">
      <marc:subfield code="c">XA-FR</marc:subfield>
    </marc:datafield>
    <marc:datafield tag="049" ind1=" " ind2=" ">
      <marc:subfield code="a">DE-38</marc:subfield>
    </marc:datafield>
    <marc:datafield tag="049" ind1=" " ind2=" ">
      <marc:subfield code="a">DE-5</marc:subfield>
    </marc:datafield>
    <marc:datafield tag="100" ind1="1" ind2=" ">
      <marc:subfield code="a">Dumas, Alexandre</marc:subfield>
      <marc:subfield code="d">1802-1870</marc:subfield>
      <marc:subfield code="0">(DE-588)118528068</marc:subfield>
      <marc:subfield code="4">aut</marc:subfield>
      <marc:subfield code="e">Verfasser</marc:subfield>
    </marc:datafield>
    <marc:datafield tag="245" ind1="1" ind2="0">
      <marc:subfield code="a">&lt;&lt;La&gt;&gt; San Felice</marc:subfield>
      <marc:subfield code="c">Alexandre Dumas. Établissement du texte, notes, postface, dictionnaire des personnages par Claude Schopp</marc:subfield>
    </marc:datafield>
    <marc:datafield tag="264" ind1=" " ind2="1">
      <marc:subfield code="a">[Paris]</marc:subfield>
      <marc:subfield code="b">Gallimard</marc:subfield>
      <marc:subfield code="c">1997</marc:subfield>
    </marc:datafield>
    <marc:datafield tag="300" ind1=" " ind2=" ">
      <marc:subfield code="a">1708 S. : Ill.</marc:subfield>
    </marc:datafield>
    <marc:datafield tag="490" ind1="0" ind2=" ">
      <marc:subfield code="a">Quarto</marc:subfield>
    </marc:datafield>
    <marc:datafield tag="700" ind1="1" ind2=" ">
      <marc:subfield code="a">Schopp, Claude</marc:subfield>
      <marc:subfield code="d">1943-</marc:subfield>
      <marc:subfield code="0">(DE-588)1058175297</marc:subfield>
      <marc:subfield code="4">edt</marc:subfield>
      <marc:subfield code="e">Herausgeber</marc:subfield>
    </marc:datafield>
    <marc:datafield tag="856" ind1="4" ind2="2">
      <marc:subfield code="m">V:DE-605;X:migimw</marc:subfield>
      <marc:subfield code="q">application/pdf</marc:subfield>
      <marc:subfield code="u">https://digitale-objekte.hbz-nrw.de/storage/2009/01/12/file_12/2753071.pdf</marc:subfield>
      <marc:subfield code="3">Inhaltsverzeichnis</marc:subfield>
      <marc:subfield code="9">O:PKN</marc:subfield>
    </marc:datafield>
    <marc:datafield tag="924" ind1="0" ind2=" ">
      <marc:subfield code="a">990031413000206441</marc:subfield>
      <marc:subfield code="b">DE-38</marc:subfield>
      <marc:subfield code="c">NRW</marc:subfield>
      <marc:subfield code="d">c</marc:subfield>
    </marc:datafield>
    <marc:datafield tag="924" ind1="0" ind2=" ">
      <marc:subfield code="a">990031413000206441</marc:subfield>
      <marc:subfield code="b">DE-5</marc:subfield>
      <marc:subfield code="c">NRW</marc:subfield>
      <marc:subfield code="d">c</marc:subfield>
    </marc:datafield>
  </marc:record>
</marc:collection>
